Fats and oils : formulating and processing for applications /
Guardado en:
| Autor Principal: | |
|---|---|
| Formato: | Libro |
| Idioma: | English |
| Publicado: |
Lancaster, Pa. :
Technomic Pub. Co.,
c1998.
|
| Materias: | |
| Etiquetas: |
Agregar Etiqueta
Sin Etiquetas, Sea el primero en etiquetar este registro!
|
| LEADER | 00729cam a22002055a 4500 | ||
|---|---|---|---|
| 001 | EIQ.libpla003071 | ||
| 008 | 971010s1998####paua#####b####001#0#eng#d | ||
| 005 | 20071012171542.0 | ||
| 245 | 1 | 0 | |a Fats and oils : |b formulating and processing for applications / |c Richard D. O'Brien. |
| 260 | |a Lancaster, Pa. : |b Technomic Pub. Co., |c c1998. | ||
| 300 | |a xii, 694 p. : |b il. ; |c 24 cm. | ||
| 504 | |a Incluye referencias bibliográficas e índice. | ||
| 020 | |a 1566763630 | ||
| 100 | 1 | |a O'Brien, Richard D. | |
| 082 | 0 | 0 | |a 664/.3 |2 21 |
| 650 | 4 | |a Alimentos |x Aceite y grasas comestibles. | |
| 650 | 4 | |a Foods |x Oils and fats, Edible. | |
| 010 | |a 97061637 | ||
| 040 | |a MnMGM |c MnMGM |d DLC |d AR-BbSID | ||
| 859 | |a AR-BbSID |b BIB. PLAPIQUI |h 665 |i Ob 6 |p 5118 | ||
